01910nam a2200253 a 450000100100000000500170001000800410002704000200006808200180008810000470010624500510015326000640020430000190026850000420028750507830032959000620111265000280117465000310120291000390123395201310127295201160140395201220151999900150164100000769720240412074205.0090907s2008 dr 000 0 spa d aDO-SdBNPcBNPHU aRD861.5bJ61c1 aJiménez, José Lizander,d1990 -92135010aCorazón de sol /cJosé Lizander Jiménez. aMonseñor Nouel, República Dominicana :b[s. n.],c2008. a50 p. ;c22cm. aIncluye datos biográficos del autor0 aCorazón. Vivir sin tí -- Para siempre -- Tan cerca y lejos a la ves -- Locura -- Tu retrato -- Mundo Moderno -- Desahógate -- Amor sincero -- Te odio -- La mataste -- Te quiero y te ignoro -- Pensamientos profundos -- Confesión de amor -- Carta de un niño que no llego -- Mi amiga -- Bellezas de las mujeres -- Nuestro país -- División -- Acabándose -- Descontrol de amor -- Sin regreso -- Sin ti jamás -- Acéptame -- De amor a odio -- Regresa -- Fantasías -- Estoy enamorado -- Conquista -- Besos robados -- Te extraño -- Tu abrigo -- Pinceladas de amor -- Te cambié -- Pensando en tí -- No me dejes -- Poeta -- No puedo estar sin âtí -- La endémica -- Nuestra isla -- Te espero -- Padre -- Sin tí -- Como es que soy poeta -- En el desierto. aLa biblioteca posee un ejemplar autografiado por el autor 0aPoesía dominicana966 0aLiteratura dominicana.967 aValidado. Control de calidad BNPHU 001054708DSaGRbGRcHDd2011-04-13iLF1l0oRD861.5 J614cp7697-30r2020-06-25te. 3w2020-06-25yLFDSZPréstamo en sala 0010718PDaPDbPDcHDd2009-10-06iLF1l0oRD861.5 J614cp7697-10r2020-06-25w2020-06-25yLFPDZNo se presta 0010718PDaPDbPDcHDd2009-10-06iLF1l0oRD861.5 J614cp7697-20r2020-06-25te. 2w2020-06-25yLFPDZNo se presta c7476d7476